Normal view
MARC view
- University of Birmingham
Entry Corporate Name
001 - CONTROL NUMBER
- control field: 4589
003 - CONTROL NUMBER IDENTIFIER
- control field: OSt
005 - DATE AND TIME OF LATEST TRANSACTION
- control field: 20190806150234.0
008 - FIXED-LENGTH DATA ELEMENTS
- fixed length control field: 040301n| aaannaabn |n ana d
040 ## - CATALOGING SOURCE
- Original cataloging agency: OSt
- Transcribing agency: OSt
110 ## - HEADING--CORPORATE NAME
- Corporate name or jurisdiction name as entry element: University of Birmingham
- Subordinate unit: Centre for Urban and Regional Studies
410 ## - SEE FROM TRACING--CORPORATE NAME
- Corporate name or jurisdiction name as entry element: Centre for Urban and Regional Studies University of Birmingham
670 ## - SOURCE DATA FOUND
- Source citation: Local authority gypsy/traveller sites in England, 2003